000 00903nam a2200205 i 4500
001 53818
003 ES-MaACL
005 20250809034227.0
007 t|
008 960709s1863 sp ||||1| spa d
040 _aCAM
_bspa
_cCAM
245 0 0 _aColección legislativa hipotecaria y notarial
_b: que comprende todas las leyes, decretos, reales órdenes de la Dirección General del Registro de la Propiedad.
_nT.I /
_cpublicada por Manuel Fernández Martín.
260 _aMadrid :
_b[s.n.],
_c1863 (
_fimprenta notarial e hipotecaria de los Sres. Martinez y Bogo)
300 _a286 p. ;
_c25 cm.
650 4 _aHipotecas-
_zEspaña-
_vLegislación.
_913366
650 0 4 _aDerecho notarial-
_zEspaña
_911745
700 1 _aFernández Martín, Manuel,
_d1864-1902
_949899
852 _aES-MaACL
_jT-250-F-4
_z.- Anotación manuscrita: Al Ateneo su socio Enrique Veelay
999 _c53818
_d53818